Akta Keselamatan Dalam Negeri, 1960 (Akta 82)

Bibliographic Details
Corporate Author: Malaysia (Author)
Format: Book
Published: Kuala Lumpur : International Law Bok Services , 1989
Series:Undang-undang Malaysia Akta 82
Subjects:

MARC

LEADER 00000cam a2200000 7i4500
001 0000005231
005 20040613093000.0
008 021118s1989
020 |a 9678902567 
090 0 0 |a KM8020   |b .M312 1960 (A) 
110 1 |a Malaysia   |e author 
245 1 0 |a Akta Keselamatan Dalam Negeri, 1960 (Akta 82)   |c disusun oleh Lembaga Penyelidikan Undang-undang 
260 2 |a Kuala Lumpur :   |b International Law Bok Services ,   |c 1989 
300 |a v, 75 p. ;   |c 25 cm. 
440 0 0 |a Undang-undang Malaysia   |v Akta 82 
500 |a Hingga 15hb. September, 1989 
650 0 |a Government, Resistance to   |x Law and legislation   |z Malaysia 
650 0 |a Subversive activities   |x Law and legislation   |z Malaysia 
999 |a 1000021744   |b Legislations   |c Reference   |e Gong Badak Campus